000 00416nam a2200169Ia 4500
003 GCL
008 140319s9999 xx 000 0 eng d
040 _aGCL /
_cGCL
082 0 4 _a746.46
_bE D
100 1 _aEALAVEGA, TINA
245 1 0 _aDISCOVER PATCHWORK /
_cEALAVEGA, TINA
260 _a[S.N] :
_bHAMLYN ،
_c1995
300 _a112 P
650 0 4 _aPATCH WORK DESIGN
650 0 4 _aTEXTILE ART
942 _2ddc
_cBK
999 _c13914
_d13914